Joueuses Top 10 ATP en fin de saison depuis 1975 - Statistiques

Statistiques générales
  • Ce quiz a été pris 27 fois
  • Le résultat moyen est 207 sur 511
Statistiques - réponses
Année Rang Première lettre Joueur % Correct
2022 7 G Gauff
95%
2023 3 G Gauff
95%
2024 3 G Gauff
95%
2025 3 G Gauff
95%
2020 10 S Sabalenka
90%
2021 2 S Sabalenka
90%
2022 5 S Sabalenka
90%
2023 2 S Sabalenka
90%
2024 1 S Sabalenka
90%
2025 1 S Sabalenka
90%
2021 9 S Swiatek
90%
2022 1 S Swiatek
90%
2023 1 S Swiatek
90%
2024 2 S Swiatek
90%
2025 2 S Swiatek
90%
1999 4 W Williams S
90%
2000 6 W Williams S
90%
2001 6 W Williams S
90%
2002 1 W Williams S
90%
2003 3 W Williams S
90%
2004 7 W Williams S
90%
2007 7 W Williams S
90%
2008 2 W Williams S
90%
2009 1 W Williams S
90%
2010 4 W Williams S
90%
2012 3 W Williams S
90%
2013 1 W Williams S
90%
2014 1 W Williams S
90%
2015 1 W Williams S
90%
2016 2 W Williams S
90%
2019 10 W Williams S
90%
1998 5 W Williams V
90%
1999 3 W Williams V
90%
2000 3 W Williams V
90%
2001 3 W Williams V
90%
2002 2 W Williams V
90%
2004 9 W Williams V
90%
2005 10 W Williams V
90%
2007 8 W Williams V
90%
2008 6 W Williams V
90%
2009 6 W Williams V
90%
2010 5 W Williams V
90%
2015 7 W Williams V
90%
2017 5 W Williams V
90%
2017 8 G Garcia
85%
2022 4 G Garcia
85%
1985 6 G Graf
80%
1986 3 G Graf
80%
1987 1 G Graf
80%
1988 1 G Graf
80%
1989 1 G Graf
80%
1990 1 G Graf
80%
1991 2 G Graf
80%
1992 2 G Graf
80%
1993 1 G Graf
80%
1994 1 G Graf
80%
1995 1 G Graf
80%
1996 1 G Graf
80%
1998 9 G Graf
80%
2001 7 H Henin
80%
2002 5 H Henin
80%
2003 1 H Henin
80%
2004 8 H Henin
80%
2005 6 H Henin
80%
2006 1 H Henin
80%
2007 1 H Henin
80%
1999 10 M Mauresmo
80%
2001 9 M Mauresmo
80%
2002 6 M Mauresmo
80%
2003 4 M Mauresmo
80%
2004 2 M Mauresmo
80%
2005 3 M Mauresmo
80%
2006 3 M Mauresmo
80%
2014 3 H Halep
75%
2015 2 H Halep
75%
2016 4 H Halep
75%
2017 1 H Halep
75%
2018 1 H Halep
75%
2019 4 H Halep
75%
2020 2 H Halep
75%
2022 10 H Halep
75%
2022 3 P Pegula
75%
2023 5 P Pegula
75%
2024 7 P Pegula
75%
2025 6 P Pegula
75%
2023 4 R Rybakina
70%
2024 6 R Rybakina
70%
2025 5 R Rybakina
70%
2004 4 S Sharapova
70%
2005 4 S Sharapova
70%
2006 2 S Sharapova
70%
2007 5 S Sharapova
70%
2008 9 S Sharapova
70%
2011 4 S Sharapova
70%
2012 2 S Sharapova
70%
2013 4 S Sharapova
70%
2014 2 S Sharapova
70%
2015 4 S Sharapova
70%
2025 4 A Anisimova
65%
2019 1 B Barty
65%
2020 1 B Barty
65%
2021 1 B Barty
65%
2021 10 J Jabeur
65%
2022 2 J Jabeur
65%
2023 6 J Jabeur
65%
2016 8 K Keys
65%
2025 7 K Keys
65%
2015 3 M Muguruza
65%
2016 7 M Muguruza
65%
2017 2 M Muguruza
65%
2021 3 M Muguruza
65%
1975 3 N Navratilova
65%
1976 4 N Navratilova
65%
1977 3 N Navratilova
65%
1978 1 N Navratilova
65%
1979 1 N Navratilova
65%
1980 3 N Navratilova
65%
1981 3 N Navratilova
65%
1982 1 N Navratilova
65%
1983 1 N Navratilova
65%
1984 1 N Navratilova
65%
1985 1 N Navratilova
65%
1986 1 N Navratilova
65%
1987 2 N Navratilova
65%
1988 2 N Navratilova
65%
1989 2 N Navratilova
65%
1990 3 N Navratilova
65%
1991 4 N Navratilova
65%
1992 5 N Navratilova
65%
1993 3 N Navratilova
65%
1994 8 N Navratilova
65%
1975 1 E Evert
60%
1976 1 E Evert
60%
1977 1 E Evert
60%
1978 2 E Evert
60%
1979 2 E Evert
60%
1980 1 E Evert
60%
1981 1 E Evert
60%
1982 2 E Evert
60%
1983 2 E Evert
60%
1984 2 E Evert
60%
1985 2 E Evert
60%
1986 2 E Evert
60%
1987 3 E Evert
60%
1988 3 E Evert
60%
1989 10 E Evert
60%
2020 4 K Kenin
60%
2011 2 K Kvitova
60%
2012 8 K Kvitova
60%
2013 6 K Kvitova
60%
2014 4 K Kvitova
60%
2015 6 K Kvitova
60%
2018 7 K Kvitova
60%
2019 7 K Kvitova
60%
2020 8 K Kvitova
60%
2017 7 O Ostapenko
60%
2024 4 P Paolini
60%
2025 8 P Paolini
60%
2017 6 S Svitolina
60%
2018 4 S Svitolina
60%
2019 6 S Svitolina
60%
2020 5 S Svitolina
60%
2025 9 A Andreeva
55%
2009 7 A Azarenka
55%
2010 10 A Azarenka
55%
2011 3 A Azarenka
55%
2012 1 A Azarenka
55%
2013 2 A Azarenka
55%
2007 10 B Bartoli
55%
2011 9 B Bartoli
55%
2011 5 L Li
55%
2012 7 L Li
55%
2013 3 L Li
55%
2014 9 L Li
55%
2018 5 O Osaka
55%
2019 3 O Osaka
55%
2020 3 O Osaka
55%
1994 5 P Pierce
55%
1995 5 P Pierce
55%
1997 7 P Pierce
55%
1998 7 P Pierce
55%
1999 5 P Pierce
55%
2000 7 P Pierce
55%
2005 5 P Pierce
55%
2009 4 W Wozniacki
55%
2010 1 W Wozniacki
55%
2011 1 W Wozniacki
55%
2012 10 W Wozniacki
55%
2013 10 W Wozniacki
55%
2014 8 W Wozniacki
55%
2017 3 W Wozniacki
55%
2018 3 W Wozniacki
55%
2024 5 Z Zheng
55%
2025 10 A Alexandrova
50%
2021 8 B Badosa
50%
1994 6 D Davenport
50%
1996 9 D Davenport
50%
1997 3 D Davenport
50%
1998 1 D Davenport
50%
1999 2 D Davenport
50%
2000 2 D Davenport
50%
2001 1 D Davenport
50%
2003 5 D Davenport
50%
2004 1 D Davenport
50%
2005 1 D Davenport
50%
1996 6 H Hingis
50%
1997 1 H Hingis
50%
1998 2 H Hingis
50%
1999 1 H Hingis
50%
2000 1 H Hingis
50%
2001 4 H Hingis
50%
2002 10 H Hingis
50%
2006 7 H Hingis
50%
2012 5 K Kerber
50%
2013 9 K Kerber
50%
2014 10 K Kerber
50%
2015 10 K Kerber
50%
2016 1 K Kerber
50%
2018 2 K Kerber
50%
2021 6 S Sakkari
50%
2022 6 S Sakkari
50%
2023 9 S Sakkari
50%
2018 6 S Stephens
50%
2023 7 V Vondrousova
50%
2021 5 K Krejcikova
45%
2023 10 K Krejcikova
45%
2024 10 K Krejcikova
45%
2024 8 N Navarro
45%
1989 6 S Seles
45%
1990 2 S Seles
45%
1991 1 S Seles
45%
1992 1 S Seles
45%
1993 8 S Seles
45%
1995 1 S Seles
45%
1996 2 S Seles
45%
1997 5 S Seles
45%
1998 6 S Seles
45%
1999 6 S Seles
45%
2000 4 S Seles
45%
2001 10 S Seles
45%
2002 7 S Seles
45%
2019 8 B Bencic
40%
1990 8 C Capriati
40%
1991 6 C Capriati
40%
1992 7 C Capriati
40%
1993 9 C Capriati
40%
2001 2 C Capriati
40%
2002 3 C Capriati
40%
2003 6 C Capriati
40%
2004 10 C Capriati
40%
2018 10 K Kasatkina
40%
2022 8 K Kasatkina
40%
2024 9 K Kasatkina
40%
2016 10 K Konta
40%
2017 9 K Konta
40%
2021 7 K Kontaveit
40%
2023 8 M Muchova
40%
2016 6 P Pliskova
40%
2017 4 P Pliskova
40%
2018 8 P Pliskova
40%
2019 2 P Pliskova
40%
2020 6 P Pliskova
40%
2021 4 P Pliskova
40%
1989 5 S Sanchez
40%
1990 7 S Sanchez
40%
1991 5 S Sanchez
40%
1992 4 S Sanchez
40%
1993 2 S Sanchez
40%
1994 2 S Sanchez
40%
1995 3 S Sanchez
40%
1996 3 S Sanchez
40%
1997 9 S Sanchez
40%
1998 4 S Sanchez
40%
2000 8 S Sanchez
40%
2012 6 E Errani
35%
2013 7 E Errani
35%
1998 10 T Tauziat
35%
1999 7 T Tauziat
35%
2000 10 T Tauziat
35%
2018 9 B Bertens
30%
2019 9 B Bertens
30%
2020 9 B Bertens
30%
2001 5 C Clijsters
30%
2002 4 C Clijsters
30%
2003 2 C Clijsters
30%
2005 2 C Clijsters
30%
2006 5 C Clijsters
30%
2010 3 C Clijsters
30%
1990 4 F Fernandez
30%
1991 8 F Fernandez
30%
1992 6 F Fernandez
30%
1993 7 F Fernandez
30%
1995 8 F Fernandez
30%
1997 10 F Fernandez
30%
2007 4 I Ivanovic
30%
2008 5 I Ivanovic
30%
2014 5 I Ivanovic
30%
2007 3 J Jankovic
30%
2008 1 J Jankovic
30%
2009 8 J Jankovic
30%
2010 8 J Jankovic
30%
2013 8 J Jankovic
30%
2022 9 K Kudermetova
30%
2008 3 S Safina
30%
2009 2 S Safina
30%
2010 6 S Stosur
30%
2011 6 S Stosur
30%
2012 9 S Stosur
30%
2008 7 Z Zvonareva
30%
2009 9 Z Zvonareva
30%
2010 2 Z Zvonareva
30%
2011 7 Z Zvonareva
30%
1975 4 K King
25%
1977 2 K King
25%
1978 5 K King
25%
1979 5 K King
25%
1980 6 K King
25%
1989 7 M Martinez
25%
1991 9 M Martinez
25%
1992 8 M Martinez
25%
1993 4 M Martinez
25%
1994 3 M Martinez
25%
1995 2 M Martinez
25%
1996 4 M Martinez
25%
1998 8 M Martinez
25%
2000 5 M Martinez
25%
1986 9 S Sabatini
25%
1987 6 S Sabatini
25%
1988 4 S Sabatini
25%
1989 3 S Sabatini
25%
1990 5 S Sabatini
25%
1991 3 S Sabatini
25%
1992 3 S Sabatini
25%
1993 5 S Sabatini
25%
1994 7 S Sabatini
25%
1995 7 S Sabatini
25%
2010 7 S Schiavone
25%
2019 5 A Andreescu
20%
2020 7 A Andreescu
20%
2014 7 B Bouchard
20%
1975 6 C Court
20%
2003 8 D Dementieva
20%
2004 6 D Dementieva
20%
2005 8 D Dementieva
20%
2006 8 D Dementieva
20%
2008 4 D Dementieva
20%
2009 5 D Dementieva
20%
2010 9 D Dementieva
20%
2015 8 P Pennetta
20%
1975 5 G Goolagong
15%
1976 2 G Goolagong
15%
1978 3 G Goolagong
15%
1979 4 G Goolagong
15%
1980 5 G Goolagong
15%
2000 9 K Kournikova
15%
2004 5 K Kuznetsova
15%
2006 4 K Kuznetsova
15%
2007 2 K Kuznetsova
15%
2008 8 K Kuznetsova
15%
2009 3 K Kuznetsova
15%
2016 9 K Kuznetsova
15%
2003 7 M Myskina
15%
2004 3 M Myskina
15%
1991 7 N Novotna
15%
1992 10 N Novotna
15%
1993 6 N Novotna
15%
1994 4 N Novotna
15%
1996 5 N Novotna
15%
1997 2 N Novotna
15%
1998 3 N Novotna
15%
2008 10 R Radwanska
15%
2009 10 R Radwanska
15%
2011 8 R Radwanska
15%
2012 4 R Radwanska
15%
2013 5 R Radwanska
15%
2014 6 R Radwanska
15%
2015 5 R Radwanska
15%
2016 3 R Radwanska
15%
1978 6 A Austin
10%
1979 3 A Austin
10%
1980 2 A Austin
10%
1981 2 A Austin
10%
1982 4 A Austin
10%
1983 9 A Austin
10%
2002 8 H Hantuchova
10%
2007 9 H Hantuchova
10%
1990 6 M Maleeva K
10%
1995 6 M Maleeva Mag
10%
1985 7 M Maleeva Man
10%
1986 10 M Maleeva Man
10%
1987 8 M Maleeva Man
10%
1988 6 M Maleeva Man
10%
1989 9 M Maleeva Man
10%
1990 9 M Maleeva Man
10%
1991 10 M Maleeva Man
10%
1992 9 M Maleeva Man
10%
1980 4 M Mandlikova
10%
1981 5 M Mandlikova
10%
1982 7 M Mandlikova
10%
1984 3 M Mandlikova
10%
1985 3 M Mandlikova
10%
1986 4 M Mandlikova
10%
1987 5 M Mandlikova
10%
2011 10 P Petkovic
10%
2005 9 P Petrova
10%
2006 6 P Petrova
10%
1984 7 S Sukova
10%
1985 9 S Sukova
10%
1986 6 S Sukova
10%
1987 7 S Sukova
10%
1988 8 S Sukova
10%
1989 8 S Sukova
10%
2006 10 V Vaidisova
10%
1975 2 W Wade
10%
1976 3 W Wade
10%
1977 4 W Wade
10%
1978 4 W Wade
10%
1979 8 W Wade
10%
1988 7 Z Zvereva
10%
1994 10 Z Zvereva
10%
1976 10 B Barker
5%
1977 5 B Barker
5%
1979 10 B Barker
5%
1981 9 B Bunge
5%
1982 9 B Bunge
5%
1983 7 B Bunge
5%
2007 6 C Chakvetadze
5%
2016 5 C Cibulkova
5%
1997 4 C Coetzer
5%
1994 9 D Date
5%
1995 4 D Date
5%
2001 8 D Dokic
5%
2002 9 D Dokic
5%
1983 6 D Durie
5%
1976 5 F Formholtz
5%
1977 8 F Formholtz
5%
1978 10 F Formholtz
5%
1979 6 F Formholtz
5%
1983 10 G Garrison
5%
1984 9 G Garrison
5%
1985 8 G Garrison
5%
1987 9 G Garrison
5%
1988 9 G Garrison
5%
1989 4 G Garrison
5%
1990 10 G Garrison
5%
1999 9 H Halard
5%
1981 6 H Hanika
5%
1982 10 H Hanika
5%
1983 5 H Hanika
5%
1993 10 H Huber
5%
1995 10 H Huber
5%
1996 7 H Huber
5%
1980 7 J Jaeger
5%
1981 4 J Jaeger
5%
1982 3 J Jaeger
5%
1983 3 J Jaeger
5%
1984 8 K Kohde Kilsch
5%
1985 5 K Kohde Kilsch
5%
1986 7 K Kohde Kilsch
5%
1987 10 K Kohde Kilsch
5%
1995 9 M Majoli
5%
1996 8 M Majoli
5%
1997 6 M Majoli
5%
1975 7 M Morozova
5%
1976 9 M Morozova
5%
1975 10 R Reid
5%
1976 8 R Reid
5%
1977 10 R Reid
5%
1978 9 R Reid
5%
1979 9 R Reid
5%
1975 8 R Richey
5%
1986 8 R Rinaldi
5%
2003 9 R Rubin
5%
2015 9 S Safarova
5%
1999 8 S Schett
5%
2005 7 S Schnyder
5%
2006 9 S Schnyder
5%
1980 9 S Shriver
5%
1981 7 S Shriver
5%
1982 6 S Shriver
5%
1983 4 S Shriver
5%
1984 4 S Shriver
5%
1985 4 S Shriver
5%
1986 5 S Shriver
5%
1987 4 S Shriver
5%
1988 5 S Shriver
5%
1996 10 S Spirlea
5%
1997 8 S Spirlea
5%
1980 10 S Stevens
5%
1977 9 T Turnbull
5%
1978 7 T Turnbull
5%
1979 7 T Turnbull
5%
1980 8 T Turnbull
5%
1981 8 T Turnbull
5%
1982 5 T Turnbull
5%
1983 8 T Turnbull
5%
1984 5 T Turnbull
5%
2017 10 V Vandeweghe
5%
1976 6 C Casals
0%
1977 6 C Casals
0%
1975 9 D Durr
0%
1985 10 G Gadusek
0%
1984 10 J Jordan
0%
1984 6 M Maleeva Man
0%
1981 10 P Potter
0%
1982 8 P Potter
0%
1988 10 P Potter
0%
1976 7 S Stove
0%
1977 7 S Stove
0%
1978 8 S Stove
0%
2003 10 S Sugiyama
0%
Aucun quiz correspondant
Distribution des résultats
% des personnes avec chaque résultat
Percentile par nombre de réponses
Votre historique - résultats
Vous n’avez pas pris ce quiz